00933nam a22002657a 45000010005000000030006000050050017000110080041000280200015000690400029000840500016001130820011001291000018001402450053001582500040002112600039002513000044002905050008003345200211003425210020005535210020005736500019005936500024006127000031006367423FISKH20250714160135.0250714b cb ||||| |||| 00| 0 eng d a0394825918 aFISKHbengcFISKHdFISKH aPZ7.P2197 A a813.54 aPark, Barbara aAlmost starring skinnybones / cBy Barbara Park  aFirst Bullseye Books edition : 1989 aNew York : bRandom House ,c1988. a108 pages : billustrations ;c20 cm .  aO  aIrrepressible, twelve-year-old Alex is convinced that he will be a star and impress his schoolmates when, as the winner of a cat food essay contest, he is asked to make a commercial for national television.8 a620 bLexile 8 aO bRaz-Plus  aHumorvFiction aTelevisionvFiction aWarren, Jim eIllustrator